Complete the Restaurant... With a Picture Quiz Stats

 Plays Quiz Updated Jun 18, 2018

Score 0/20 Timer 05:00
23 Plays Today
% Correct
Taco BELL
96.4%
T.G.I. FRIDAYS
94.4%
DUNKIN' Donuts
93.7%
The CHEESECAKE Factory
92.5%
Pizza HUT
92.4%
DAIRY Queen
90.4%
CHUCK E. Cheese's
88.5%
Red LOBSTER
87.9%
OLIVE Garden
87.6%
WAFFLE House
87.6%
% Correct
White CASTLE
87.2%
PANDA Express
86.8%
RUBY Tuesday
86.5%
JACK in the Box
85.9%
LITTLE Caesars
84.5%
Cracker BARREL
82.9%
COLD Stone Creamery
81%
SONIC Drive-In
80.5%
Popeyes LOUISIANA Kitchen
78.9%
BUFFALO Wild Wings
78.2%

You're not logged in!

Compare scores with friends on all Sporcle quizzes.
OR
Log In

Sporcle TV

Today on Sporcle TV


Watch our educational content, quiz creation guides, and fun videos on Sporcle TV.

Show Comments

Extras

Top Quizzes Today


Score Distribution

Your Account Isn't Verified!

In order to create a playlist on Sporcle, you need to verify the email address you used during registration. Go to your Sporcle Settings to finish the process.

Report this User

Report this user for behavior that violates our Community Guidelines.

Details: